[Event "WYCC U18 Open 2013"]
[Site "Al-Ain UAE"]
[Date "2013.12.22"]
[Round "6.30"]
[White "Grigorian, R."]
[Black "Mindlin, A."]
[Result "0-1"]
[WhiteElo "2101"]
[BlackElo "2307"]
[Annotator "Alex Baburin (www.chesstoday.net)"]
[PlyCount "38"]
[EventDate "2013.12.18"]
[EventType "swiss"]
[EventRounds "11"]
[EventCountry "UAE"]
[Source "Chess Today"]
[SourceDate "2014.01.07"]

1. e4 e5 2. Nf3 Nc6 3. d4 exd4 4. Nxd4 Nf6 5. Nc3 Bb4 6. Nxc6 bxc6 7. Bd3 d5 8.
exd5 cxd5 9. O-O O-O 10. h3 Be6 11. Qf3 Rb8 12. Bf4 Bd6 13. b3 c5 14. Bxd6 Qxd6
15. Ne2 c4 16. Bf5 Bxf5 17. Qxf5 Rfe8 {Diagram #} {Instead White offered to
trade queens, not realising the dangers:} 18. Qf4 $4 ({After} 18. Nd4 {Black's
chances would be only slightly better.}) 18... Qxf4 $1 19. Nxf4 g5 0-1

[Event "WYCC U16 Girls 2013"]
[Site "Al-Ain UAE"]
[Date "2013.12.24"]
[Round "8.28"]
[White "Gomez Camacho, Micaela"]
[Black "Assaubayeva, Diana"]
[Result "1-0"]
[WhiteElo "1898"]
[BlackElo "1974"]
[Annotator "Alex Baburin (www.chesstoday.net)"]
[PlyCount "47"]
[EventDate "2013.12.18"]
[EventType "swiss"]
[EventRounds "11"]
[EventCountry "UAE"]
[Source "Chess Today"]
[SourceDate "2014.01.07"]

1. e4 e6 2. d4 d5 3. Nc3 Nf6 4. e5 Nfd7 5. f4 c5 6. Nf3 Nc6 7. Be3 a6 8. Qd2 b5
9. dxc5 Bxc5 10. Ne2 Bxe3 11. Qxe3 Qb6 12. Qxb6 Nxb6 13. Ned4 Ne7 14. Bd3 g6
15. b3 Bd7 16. Kd2 Rc8 17. g4 h6 18. Rag1 Kd8 19. h4 h5 20. gxh5 Rxh5 21. Ng5
Be8 22. Be2 Rh8 23. h5 {Diagram # Black might be lost, but she sped up her
demise -} Nd7 $4 24. Ndxe6+ $1 1-0

[Event "WYCC U18 Open 2013"]
[Site "Al-Ain UAE"]
[Date "2013.12.24"]
[Round "8.30"]
[White "Igambergenov, A."]
[Black "Dolnak, Michal"]
[Result "1-0"]
[WhiteElo "2323"]
[BlackElo "2164"]
[Annotator "Alex Baburin (www.chesstoday.net)"]
[PlyCount "71"]
[EventDate "2013.12.18"]
[EventType "swiss"]
[EventRounds "11"]
[EventCountry "UAE"]
[Source "Chess Today"]
[SourceDate "2014.01.07"]

1. d4 d5 2. c4 e6 3. Nc3 c5 4. cxd5 exd5 5. Nf3 Nc6 6. g3 Nf6 7. Bg2 Be7 8. O-O
O-O 9. Bg5 c4 10. Ne5 Be6 11. Nxc6 bxc6 12. b3 Qa5 13. Na4 Rfd8 14. Bf4 Rac8
15. Qc2 Nd7 16. Bd2 Qa6 17. b4 Bf6 18. Bc3 g6 19. f3 Bg7 20. e4 Re8 21. Kh1 Qb5
22. Rab1 Qa6 23. Rf2 Rb8 24. Re1 Qc8 25. Rfe2 Qa6 26. Nc5 Nxc5 27. bxc5 Red8
28. Qd2 Qa3 29. Rf2 Qa4 30. h3 dxe4 31. Rxe4 Bf5 32. Re7 Bf6 33. Re1 Bxd4 $6 (
33... Bd3 $142 $1 $17) 34. Bxd4 c3 35. Qxc3 {Diagram #} {Black captured the
bishop with a wrong piece -} Qxd4 $4 ({Instead of playing} 35... Rxd4 $15) 36.
Re8+ $1 1-0

[Event "WYCC U16 Open 2013"]
[Site "Al-Ain UAE"]
[Date "2013.12.21"]
[Round "4.25"]
[White "Foo, William J"]
[Black "Lamard, G."]
[Result "0-1"]
[WhiteElo "2144"]
[BlackElo "2288"]
[Annotator "Alex Baburin (www.chesstoday.net)"]
[PlyCount "76"]
[EventDate "2013.12.18"]
[EventType "swiss"]
[EventRounds "11"]
[EventCountry "UAE"]
[Source "Chess Today"]
[SourceDate "2014.01.07"]

1. d4 Nf6 2. c4 e6 3. g3 d5 4. Nf3 dxc4 5. Bg2 Bd7 6. Ne5 Bc6 7. Nxc6 Nxc6 8.
e3 Qd7 9. O-O O-O-O 10. Qa4 Nd5 11. Qxc4 h5 12. Nc3 h4 13. Ne4 hxg3 14. fxg3 f5
15. Nc5 Bxc5 16. Qxc5 g5 17. Bd2 g4 18. Rf2 Rh5 19. b4 Kb8 20. b5 Nce7 21. Raf1
Nf6 22. Qe5 Nfd5 23. Bxd5 Qxd5 24. Qxd5 Rxd5 25. a4 Nc8 26. Bb4 Nb6 27. e4 Rxd4
28. exf5 Rxf5 29. Rxf5 exf5 30. Bc5 Rd5 31. Bxb6 axb6 32. Kf2 Re5 33. h4 gxh3
34. Rh1 c6 35. Rxh3 cxb5 36. axb5 Rxb5 37. Ke3 Rc5 {Diagram #} {but he
blundered -} 38. Rh5 $4 ({White would have good chances to save the game after
} 38. Kd4) 38... f4+ $1 0-1